<?xml version="1.0" encoding="UTF-8"?>
<record
    xmlns:xsi="http://www.w3.org/2001/XMLSchema-instance"
    xsi:schemaLocation="http://www.loc.gov/MARC21/slim http://www.loc.gov/standards/marcxml/schema/MARC21slim.xsd"
    xmlns="http://www.loc.gov/MARC21/slim">

  <leader>01321nam a2200313 a 4500</leader>
  <controlfield tag="005">20080811105156.0</controlfield>
  <controlfield tag="008">070914s2007    ii       b    001 0 eng  </controlfield>
  <datafield tag="010" ind1=" " ind2=" ">
    <subfield code="a">ENG-91811</subfield>
  </datafield>
  <datafield tag="020" ind1=" " ind2=" ">
    <subfield code="c">200.00</subfield>
  </datafield>
  <datafield tag="035" ind1=" " ind2=" ">
    <subfield code="a">EN-75344</subfield>
  </datafield>
  <datafield tag="037" ind1=" " ind2=" ">
    <subfield code="b">DBAD / PUB</subfield>
  </datafield>
  <datafield tag="040" ind1=" " ind2=" ">
    <subfield code="a">dpl</subfield>
    <subfield code="b">English </subfield>
  </datafield>
  <datafield tag="082" ind1=" " ind2=" ">
    <subfield code="a">954.52</subfield>
  </datafield>
  <datafield tag="245" ind1=" " ind2=" ">
    <subfield code="a">Bengal naw&#x101;bs, containing &#x100;z&#x101;d-&#x101;l-Husaini&#x2019;s Naubah&#x101;r-i-Murshid Quli Kh&#x101;ni, Karam &#x2BB;Ali&#x2019;s Muzaffarnamah, and Yusuf &#x2BB;Ali&#x2019;s &#x100;hw&#x101;l-i-Mah&#x101;bat Jang / /</subfield>
    <subfield code="c">translated into English by Jadu Nath Sarkar</subfield>
  </datafield>
  <datafield tag="260" ind1=" " ind2=" ">
    <subfield code="a">Kolkata :</subfield>
    <subfield code="b">The Asiatic Society,</subfield>
    <subfield code="c">2008(repr.). </subfield>
  </datafield>
  <datafield tag="270" ind1=" " ind2=" ">
    <subfield code="a">1 Park Street </subfield>
    <subfield code="b">Kolkata</subfield>
    <subfield code="e">700016</subfield>
  </datafield>
  <datafield tag="300" ind1=" " ind2=" ">
    <subfield code="a">ii, 156p. </subfield>
    <subfield code="c">24 cm (Hb) </subfield>
  </datafield>
  <datafield tag="490" ind1=" " ind2=" ">
    <subfield code="a">Sir William Jones bicentenary series</subfield>
  </datafield>
  <datafield tag="500" ind1=" " ind2=" ">
    <subfield code="a">Reprint. Originally published: 1952.</subfield>
  </datafield>
  <datafield tag="546" ind1=" " ind2=" ">
    <subfield code="a">Includes words in Bengali and Sanskrit</subfield>
    <subfield code="b">(roman)</subfield>
  </datafield>
  <datafield tag="651" ind1=" " ind2=" ">
    <subfield code="a">Bengal (India)</subfield>
    <subfield code="x">Politics and government.</subfield>
  </datafield>
  <datafield tag="700" ind1=" " ind2=" ">
    <subfield code="a">Sarkar, Jadu Nath</subfield>
    <subfield code="c">Sir,</subfield>
    <subfield code="d">1870-1958.</subfield>
  </datafield>
  <datafield tag="700" ind1=" " ind2=" ">
    <subfield code="a">&#x100;z&#x101;d-&#x101;l-Husaini.</subfield>
  </datafield>
  <datafield tag="700" ind1=" " ind2=" ">
    <subfield code="a">Karam &#x2BB;Ali.</subfield>
  </datafield>
  <datafield tag="700" ind1=" " ind2=" ">
    <subfield code="a">Yusuf &#x2BB;Ali.</subfield>
  </datafield>
  <datafield tag="710" ind1=" " ind2=" ">
    <subfield code="a">Asiatic Society (Calcutta, India)</subfield>
  </datafield>
  <datafield tag="942" ind1=" " ind2=" ">
    <subfield code="2">ddc</subfield>
    <subfield code="c">EN</subfield>
    <subfield code="m">BEN</subfield>
    <subfield code="h">954.52</subfield>
  </datafield>
  <datafield tag="999" ind1=" " ind2=" ">
    <subfield code="c">19070</subfield>
    <subfield code="d">19070</subfield>
  </datafield>
  <datafield tag="952" ind1=" " ind2=" ">
    <subfield code="0">0</subfield>
    <subfield code="1">0</subfield>
    <subfield code="2">ddc</subfield>
    <subfield code="4">0</subfield>
    <subfield code="7">1</subfield>
    <subfield code="8">NFIC</subfield>
    <subfield code="a">DBAD</subfield>
    <subfield code="b">DBAD</subfield>
    <subfield code="d">2008-11-25</subfield>
    <subfield code="e">DBAD / PUB</subfield>
    <subfield code="g">200.00</subfield>
    <subfield code="l">0</subfield>
    <subfield code="o">954.52 BEN</subfield>
    <subfield code="p">EN-75344</subfield>
    <subfield code="r">2008-11-25 00:00:00</subfield>
    <subfield code="t">1</subfield>
    <subfield code="v">200.00</subfield>
    <subfield code="w">2008-11-25</subfield>
    <subfield code="y">EN</subfield>
  </datafield>
</record>
